[Event "España tch - Primera División Grupo 1"]
[Site "Burguillos ESP"]
[Date "2008.08.13"]
[Round "1.64"]
[White "Prieto Honorato, Jose Carlos"]
[Black "Sanchez Romero, Miguel Angel"]
[Result "0-1"]
[WhiteElo "2080"]
[BlackElo "2259"]
[PlyCount "94"]
[EventDate "2008.08.13"]
[EventType "team"]
[EventCountry "ESP"]
[Source "lmi"]
[SourceDate "2008.08.13"]

1. e4 d6 2. d4 Nf6 3. Bd3 e5 4. d5 Be7 5. Ne2 O-O 6. O-O Nh5 7. f4 Bg4 8. f5
Bg5 9. Nbc3 Nd7 10. h3 Bxe2 11. Nxe2 c6 12. dxc6 bxc6 13. g4 Nf4 14. Nxf4 exf4
15. b3 Ne5 16. Bxf4 Bxf4 17. Rxf4 Qg5 18. Rf2 h5 19. Be2 Rad8 20. Qc1 Qh4 21.
Kg2 hxg4 22. Bxg4 Nxg4 23. Rf4 Rfe8 24. Rxg4 Qf6 25. Qe1 d5 26. Rd1 Re5 27. Qh4
Qxh4 28. Rxh4 Rde8 29. exd5 Re2+ 30. Kf1 cxd5 31. c3 Rc2 32. Rxd5 Rc1+ 33. Kf2
Rc2+ 34. Kf3 Rxc3+ 35. Kf4 Rce3 36. Rd4 Re2 37. Ra4 Rf2+ 38. Kg4 Ree2 39. Rc4
Rg2+ 40. Kh5 Kh7 41. Rcg4 Rxa2 42. Kg5+ Kg8 43. Rxg2 Rxg2+ 44. Rg4 Rb2 45. Rg3
Kf8 46. Re3 a5 47. h4 Ra2 0-1

[Event "España tch - Primera División Grupo 1"]
[Site "Burguillos ESP"]
[Date "2008.08.13"]
[Round "1.71"]
[White "Camino Carrio, Nicanor"]
[Black "Herraiz Hidalgo, Herminio"]
[Result "0-1"]
[WhiteElo "2196"]
[BlackElo "2507"]
[PlyCount "64"]
[EventDate "2008.08.13"]
[EventType "team"]
[EventCountry "ESP"]
[Source "lmi"]
[SourceDate "2008.08.13"]

1. e4 e6 2. d4 d5 3. Nc3 Nf6 4. e5 Nfd7 5. f4 c5 6. Nf3 Nc6 7. Be3 a6 8. Qd2 b5
9. a3 Bb7 10. Be2 Qb6 11. Nd1 Rc8 12. O-O cxd4 13. Nxd4 Qc7 14. Nb3 Nb6 15. Nf2
Nc4 16. Bxc4 dxc4 17. Nd4 Be7 18. c3 O-O 19. Rae1 Rfd8 20. Qe2 Nxd4 21. Bxd4
Bc5 22. Rd1 Bxd4 23. cxd4 Qc6 24. Nh3 c3 25. bxc3 Qxc3 26. Rd3 Qc2 27. Rd2 Qe4
28. Qf2 h6 29. Re1 Qf5 30. Qe3 Qg4 31. Qf2 Rc3 32. Re3 Rc1+ 0-1

[Event "España tch - Primera División Grupo 1"]
[Site "Burguillos ESP"]
[Date "2008.08.13"]
[Round "1.72"]
[White "Espinosa Aranda, Angel"]
[Black "Vega Gutierrez, Belinda"]
[Result "1/2-1/2"]
[WhiteElo "2313"]
[BlackElo "2129"]
[PlyCount "158"]
[EventDate "2008.08.13"]
[EventType "team"]
[EventCountry "ESP"]
[Source "lmi"]
[SourceDate "2008.08.13"]

1. e4 e5 2. Nf3 Nc6 3. Bc4 Nf6 4. d3 Be7 5. O-O O-O 6. Re1 d6 7. c3 Na5 8. Bb5
a6 9. Ba4 b5 10. Bc2 c5 11. Nbd2 Qc7 12. Nf1 Nc6 13. Ne3 Be6 14. d4 cxd4 15.
cxd4 exd4 16. Nxd4 Nxd4 17. Qxd4 Rad8 18. Bb3 Qc5 19. Rd1 Rfe8 20. Qd3 Bf8 21.
Bd5 g6 22. Bd2 Bxd5 23. exd5 Ne4 24. Rac1 Qa7 25. Ba5 Rd7 26. Rc6 h5 27. Bb6
Qb7 28. Bd4 Bg7 29. Bxg7 Kxg7 30. Qd4+ Kg8 31. Rdc1 Rde7 32. Nc2 Re5 33. Ne1
Nc5 34. Nf3 Re4 35. Qf6 Nd3 36. Rf1 Nb4 37. Rxd6 Nxd5 38. Qg5 Nf4 39. Rd8 Qe7
40. Rxe8+ Qxe8 41. Rd1 Kg7 42. Qc5 Qe7 43. Qxe7 Rxe7 44. g3 Ne6 45. Rd6 Nc7 46.
Kf1 a5 47. Nd4 Re5 48. Nc6 Rc5 49. Nxa5 b4 50. Nb3 Rc2 51. Rd2 Rc6 52. Nd4 Ra6
53. Rc2 Nd5 54. Rc5 Nf6 55. Rb5 Rxa2 56. Rxb4 Ng4 57. h3 Nf6 58. Rb7 Ne4 59.
Ke2 Nc5 60. Rb4 Na4 61. Kd3 Nxb2+ 62. Kc2 Ra4 63. Nf5+ Kf6 64. Rxa4 Nxa4 65.
Ne3 Nc5 66. f3 Ne6 67. h4 Nd4+ 68. Kd3 Nxf3 69. Ke4 Nh2 70. Kf4 Kg7 71. Ke4 f6
72. Kf4 Kh6 73. Ke4 g5 74. Kf5 gxh4 75. gxh4 Kg7 76. Kf4 Kg6 77. Kg3 Ng4 78.
Nxg4 hxg4 79. Kxg4 f5+ 1/2-1/2

[Event "España tch - Primera División Grupo 1"]
[Site "Burguillos ESP"]
[Date "2008.08.13"]
[Round "1.73"]
[White "Galvan Ruiz, Mario"]
[Black "Garcia Moral Garcia, Jose Daniel"]
[Result "0-1"]
[WhiteElo "2019"]
[BlackElo "2298"]
[PlyCount "68"]
[EventDate "2008.08.13"]
[EventType "team"]
[EventCountry "ESP"]
[Source "lmi"]
[SourceDate "2008.08.13"]

1. e4 c5 2. Nf3 e6 3. d4 cxd4 4. Nxd4 Nf6 5. Nc3 d6 6. Be2 Be7 7. O-O O-O 8.
Be3 a6 9. f4 Qc7 10. a4 Nc6 11. Qe1 Nxd4 12. Bxd4 e5 13. Be3 exf4 14. Bxf4 Be6
15. Bd3 Nd7 16. Qg3 Ne5 17. Kh1 Bf6 18. Nd5 Bxd5 19. exd5 g6 20. Bh6 Bg7 21.
Bxg7 Kxg7 22. c4 a5 23. h4 Rae8 24. h5 Nxd3 25. Qxd3 Re5 26. hxg6 Rh5+ 27. Kg1
Qc5+ 28. Rf2 fxg6 29. Raf1 Rhf5 30. Qe2 b6 31. g4 Rxf2 32. Rxf2 Qxf2+ 33. Qxf2
Rxf2 34. Kxf2 Kf6 0-1

[Event "España tch - Primera División Grupo 1"]
[Site "Burguillos ESP"]
[Date "2008.08.13"]
[Round "1.74"]
[White "Ramirez Diaz, Jose Ramon"]
[Black "Marrero Falcon, Hector"]
[Result "1-0"]
[WhiteElo "2119"]
[BlackElo "2044"]
[PlyCount "55"]
[EventDate "2008.08.13"]
[EventType "team"]
[EventCountry "ESP"]
[Source "lmi"]
[SourceDate "2008.08.13"]

1. e4 c5 2. Nf3 e6 3. d4 cxd4 4. Nxd4 Nc6 5. Be3 Qc7 6. a3 a6 7. c4 Nf6 8. Nc3
Ne5 9. Be2 h5 10. h3 d6 11. O-O b6 12. f4 Ng6 13. Qe1 Be7 14. Rc1 Bd8 15. Bf3
e5 16. Nf5 Kf8 17. Nd5 Qb8 18. Qb4 Nxd5 19. cxd5 Bxf5 20. exf5 Nh4 21. fxe5
Nxf5 22. Bf4 Be7 23. e6 b5 24. Be4 a5 25. Qc3 Qa7+ 26. Kh1 Nh6 27. Bxh6 Bf6 28.
Rxf6 1-0

[Event "España tch - Primera División Grupo 1"]
[Site "Burguillos ESP"]
[Date "2008.08.13"]
[Round "1.81"]
[White "Almagro Llamas, Pablo"]
[Black "Perez Garcia, Roberto"]
[Result "1-0"]
[WhiteElo "2492"]
[BlackElo "2154"]
[PlyCount "47"]
[EventDate "2008.08.13"]
[EventType "team"]
[EventCountry "ESP"]
[Source "lmi"]
[SourceDate "2008.08.13"]

1. e4 e5 2. Nf3 Nc6 3. Bb5 a6 4. Ba4 Nf6 5. O-O Be7 6. Re1 b5 7. Bb3 d6 8. c3
O-O 9. h3 Na5 10. Bc2 d5 11. d4 dxe4 12. Nxe5 c5 13. a3 cxd4 14. cxd4 Bb7 15.
Nc3 Rc8 16. Nxe4 Nxe4 17. Bxe4 Bxe4 18. Rxe4 Qd5 19. Re3 Bg5 20. Rd3 Bxc1 21.
Rxc1 Rxc1 22. Qxc1 Rd8 23. Qc7 Nc4 24. Nc6 1-0

[Event "España tch - Primera División Grupo 1"]
[Site "Burguillos ESP"]
[Date "2008.08.13"]
[Round "1.82"]
[White "Aranaz Portugues, Jose Carlos"]
[Black "Gonzalez Somoza, Oliver"]
[Result "1-0"]
[WhiteElo "2146"]
[BlackElo "2357"]
[PlyCount "95"]
[EventDate "2008.08.13"]
[EventType "team"]
[EventCountry "ESP"]
[Source "lmi"]
[SourceDate "2008.08.13"]

1. d4 d5 2. c4 Nc6 3. cxd5 Qxd5 4. e3 e5 5. Nc3 Bb4 6. Bd2 Bxc3 7. bxc3 Nf6 8.
c4 Qe4 9. d5 Nd4 10. Rc1 Nf5 11. Qf3 Qxf3 12. Nxf3 e4 13. Nd4 Nxd4 14. exd4 Bf5
15. h3 h5 16. Be2 Bg6 17. Bf4 Rc8 18. O-O O-O 19. Rc3 b5 20. Ra3 bxc4 21. Bxc4
Rfd8 22. Ba6 Nxd5 23. Bg5 f6 24. Bxc8 Rxc8 25. Bd2 Rb8 26. Rb3 Nb6 27. Rg3 Bf7
28. Rc1 Nc4 29. Bf4 Rb2 30. Rgc3 Nb6 31. Ra3 Nd5 32. Bxc7 e3 33. fxe3 Bg6 34.
Bg3 Be4 35. Bf2 Kh7 36. Rxa7 Kh6 37. a3 f5 38. Ra6+ Kh7 39. Re6 Nf6 40. Re5 Ra2
41. Re7 Kh6 42. Ra7 Nd5 43. Ra5 f4 44. Re1 f3 45. gxf3 Bxf3 46. e4 Nf6 47. Rf5
Rxa3 48. Be3+ 1-0

[Event "España tch - Primera División Grupo 1"]
[Site "Burguillos ESP"]
[Date "2008.08.13"]
[Round "1.83"]
[White "Rabadan Velasco, Raul"]
[Black "Torres Ventosa, Pedro Eugenio"]
[Result "1-0"]
[WhiteElo "2323"]
[BlackElo "2135"]
[PlyCount "141"]
[EventDate "2008.08.13"]
[EventType "team"]
[EventCountry "ESP"]
[Source "lmi"]
[SourceDate "2008.08.13"]

1. d4 Nf6 2. c4 g6 3. Nc3 d5 4. Qa4+ c6 5. Nf3 Bg7 6. cxd5 Nxd5 7. e4 Nxc3 8.
bxc3 O-O 9. Be3 c5 10. Rc1 Qc7 11. Be2 Bd7 12. Qa3 b6 13. O-O Bc6 14. Nd2 e6
15. f3 Bb7 16. dxc5 Nd7 17. Nb3 Rfc8 18. Bb5 Bf8 19. Bxd7 Qxd7 20. Rfd1 Qc7 21.
Rb1 bxc5 22. Na5 Ba6 23. Qa4 Rab8 24. Nc4 Bxc4 25. Qxc4 Qa5 26. a4 Rd8 27. Rxb8
Rxd1+ 28. Kf2 Qc7 29. Qb3 Rd8 30. Rxd8 Qxd8 31. Ke2 Qh4 32. Qb8 Qh5 33. g4 Qh3
34. Bxc5 Qg2+ 35. Bf2 a6 36. Qg3 Qh1 37. Qg1 Qxg1 38. Bxg1 Bg7 39. Bd4 e5 40.
Bc5 f6 41. Kd3 Kf7 42. Kc4 Ke6 43. Bb4 f5 44. h4 Bf6 45. h5 fxg4 46. fxg4 gxh5
47. gxh5 Bd8 48. Bc5 Bg5 49. Kd3 Kd7 50. Be3 Be7 51. Ke2 Ba3 52. Kf3 Be7 53.
Kg4 Ke6 54. c4 Bd8 55. Bc5 Ba5 56. Bf8 Bd2 57. Ba3 Ba5 58. Bc1 Bd8 59. Ba3 Ba5
60. c5 Bd2 61. c6 Bc3 62. Bc5 Bb2 63. Kf3 Bc3 64. Ke2 Ba5 65. Kd3 Bc7 66. Kc4
Ba5 67. Bf8 Bc7 68. Kc5 Ba5 69. Bd6 Bc3 70. c7 Kd7 71. Kd5 1-0

[Event "España tch - Primera División Grupo 1"]
[Site "Burguillos ESP"]
[Date "2008.08.13"]
[Round "1.84"]
[White "Torres Maesso, Pedro"]
[Black "Perez De Aranda, Leonardo Ivan"]
[Result "1-0"]
[WhiteElo "2127"]
[BlackElo "2233"]
[PlyCount "101"]
[EventDate "2008.08.13"]
[EventType "team"]
[EventCountry "ESP"]
[Source "lmi"]
[SourceDate "2008.08.13"]

1. e4 c5 2. Nf3 d6 3. d4 cxd4 4. Nxd4 Nf6 5. Nc3 a6 6. Be3 e5 7. Nb3 Be6 8. f3
Nbd7 9. g4 Be7 10. Qd2 b5 11. g5 Nh5 12. Nd5 Bxd5 13. exd5 Nf4 14. Bxf4 exf4
15. h4 h6 16. O-O-O hxg5 17. Nd4 Ne5 18. Nc6 Nxc6 19. dxc6 Rc8 20. a4 Qb6 21.
axb5 axb5 22. Qd5 Kf8 23. Bxb5 gxh4 24. Bc4 Qe3+ 25. Kb1 Qe6 26. Qb5 d5 27.
Bxd5 Qe5 28. Rhe1 Qb8 29. Qb7 Qxb7 30. cxb7 Rb8 31. Bc6 Rh6 32. Rd7 Re6 33.
Rxe6 fxe6 34. Kc1 Bc5 35. c3 h3 36. Rd1 h2 37. Rh1 Bg1 38. c4 Ke7 39. c5 Kd8
40. b4 Kc7 41. Be4 Rd8 42. Kc2 Rd4 43. Kc3 e5 44. b5 Rd1 45. b6+ Kb8 46. c6
Rc1+ 47. Kb2 Rc5 48. c7+ Rxc7 49. bxc7+ Kxc7 50. Kc2 g5 51. Kd3 1-0

[Event "España tch - Primera División Grupo 1"]
[Site "Burguillos ESP"]
[Date "2008.08.13"]
[Round "1.92"]
[White "Camacho Collados, Jose"]
[Black "Sanchez Silva, Luis Agapito"]
[Result "1-0"]
[WhiteElo "2276"]
[BlackElo "2105"]
[PlyCount "101"]
[EventDate "2008.08.13"]
[EventType "team"]
[EventCountry "ESP"]
[Source "lmi"]
[SourceDate "2008.08.13"]

1. Nf3 b6 2. e4 Bb7 3. Nc3 d5 4. exd5 Nf6 5. Bb5+ c6 6. dxc6 Nxc6 7. Ne5 Qc7 8.
d4 e6 9. Qf3 Rc8 10. Bf4 Bd6 11. Nxc6 Bxc6 12. Bxc6+ Qxc6 13. Qxc6+ Rxc6 14.
Bxd6 Rxd6 15. Nb5 Rd7 16. c3 O-O 17. a4 a6 18. Na3 Rc8 19. Ke2 Nd5 20. g3 e5
21. dxe5 Re8 22. Rhe1 Rxe5+ 23. Kf1 Rxe1+ 24. Rxe1 Kf8 25. Re4 Nc7 26. Rb4 Nd5
27. Rd4 Ke7 28. Nc2 Nc7 29. Ke2 g6 30. Kd3 Ne6 31. Rxd7+ Kxd7 32. b4 f5 33. Ne3
Kc6 34. h4 Nc7 35. h5 Ne8 36. hxg6 hxg6 37. Nc4 Nf6 38. Ne5+ Kd6 39. Nxg6 Ne4
40. Kd4 Nxf2 41. Nf4 Ne4 42. g4 Ng3 43. g5 b5 44. a5 Ne4 45. g6 Nf6 46. Nd3 Ke7
47. Nc5 f4 48. Nxa6 Nd5 49. Nc5 f3 50. Ne4 Nf6 51. Nxf6 1-0

[Event "España tch - Primera División Grupo 1"]
[Site "Burguillos ESP"]
[Date "2008.08.13"]
[Round "1.93"]
[White "Rubio Nevado, Pedro"]
[Black "Camacho Collados, Marcos"]
[Result "0-1"]
[WhiteElo "2100"]
[BlackElo "2230"]
[PlyCount "74"]
[EventDate "2008.08.13"]
[EventType "team"]
[EventCountry "ESP"]
[Source "lmi"]
[SourceDate "2008.08.13"]

1. e4 c5 2. Nf3 e6 3. d4 cxd4 4. Nxd4 Nf6 5. Nc3 Nc6 6. Ndb5 Bc5 7. Bf4 O-O 8.
e5 Ne8 9. Ne4 Be7 10. Bd3 a6 11. Nbc3 Qa5 12. O-O Nxe5 13. Qh5 f5 14. Ng5 Nf6
15. Qe2 Nxd3 16. cxd3 Qb4 17. g3 b5 18. a3 Qa5 19. Qf3 Ra7 20. b4 Qd8 21. Be3
Bb7 22. Qe2 Ra8 23. f3 Rc8 24. Rac1 Rxc3 25. Rxc3 Nd5 26. Rc2 Bxg5 27. Bxg5
Qxg5 28. f4 Qf6 29. Qf2 g5 30. fxg5 Qxg5 31. Re2 Qg4 32. Re4 Qg7 33. Re2 e5 34.
Qc5 Nf4 35. Rxf4 exf4 36. Re7 Qa1+ 37. Kf2 Qa2+ 0-1

[Event "España tch - Primera División Grupo 1"]
[Site "Burguillos ESP"]
[Date "2008.08.13"]
[Round "1.101"]
[White "Medina Carrasco, Santiago"]
[Black "Galindo Rodriguez, Francisco"]
[Result "0-1"]
[WhiteElo "2214"]
[BlackElo "2212"]
[PlyCount "59"]
[EventDate "2008.08.13"]
[EventType "team"]
[EventCountry "ESP"]
[Source "lmi"]
[SourceDate "2008.08.13"]

1. d4 Nf6 2. c4 c5 3. e3 g6 4. Nf3 Bg7 5. Be2 O-O 6. O-O d6 7. Nc3 b6 8. a3 Bb7
9. Qc2 cxd4 10. exd4 Nbd7 11. b4 Rc8 12. Bb2 Bxf3 13. gxf3 Nh5 14. Qd2 e5 15.
Nd5 Qh4 16. dxe5 Nxe5 17. Rac1 Rfe8 18. Rfe1 g5 19. Qc2 Re6 20. Qf5 Rce8 21.
Ne3 Rf6 22. Qc2 Nf4 23. Bxe5 Nh3+ 24. Kh1 Nxf2+ 25. Kg2 Rxe5 26. Bd1 Nh3 27.
Kf1 g4 28. Qg2 gxf3 29. Bxf3 Rg5 30. Ng4 0-1

[Event "España tch - Primera División Grupo 1"]
[Site "Burguillos ESP"]
[Date "2008.08.13"]
[Round "1.102"]
[White "Lazaro Garcia, Roberto"]
[Black "Barrantes Muñoz, Hugo Pedro"]
[Result "0-1"]
[WhiteElo "2058"]
[BlackElo "2200"]
[PlyCount "52"]
[EventDate "2008.08.13"]
[EventType "team"]
[EventCountry "ESP"]
[Source "lmi"]
[SourceDate "2008.08.13"]

1. e4 c5 2. Nf3 d6 3. d4 cxd4 4. Nxd4 Nf6 5. Nc3 a6 6. f3 e5 7. Nb3 Be6 8. Be3
Nbd7 9. g4 Nb6 10. g5 Nh5 11. Na5 Qc7 12. Qd2 Be7 13. O-O-O Rc8 14. Qf2 Na4 15.
Nxa4 Qxa5 16. b3 b5 17. Nb6 Qxa2 18. Nxc8 Bxc8 19. Bd3 d5 20. Kd2 d4 21. Bxd4
exd4 22. Qxd4 Qa5+ 23. Ke2 Nf4+ 24. Kf1 Bh3+ 25. Kf2 Qc7 26. Qxg7 Qc5+ 0-1

[Event "España tch - Primera División Grupo 1"]
[Site "Burguillos ESP"]
[Date "2008.08.13"]
[Round "1.103"]
[White "Medina Carrasco, Antonio"]
[Black "Capel Fernandez, Manuel"]
[Result "1-0"]
[BlackElo "2025"]
[PlyCount "76"]
[EventDate "2008.08.13"]
[EventType "team"]
[EventCountry "ESP"]
[Source "lmi"]
[SourceDate "2008.08.13"]
[WhiteElo "2117"]

1. d4 d5 2. c4 c6 3. Nf3 Nf6 4. Nc3 e6 5. cxd5 cxd5 6. Bg5 Be7 7. e3 a6 8. Bd3
Bd7 9. O-O O-O 10. Rc1 Nc6 11. a3 Rc8 12. Na4 Nb8 13. Rxc8 Bxc8 14. Qc2 h6 15.
Bxf6 Bxf6 16. Rc1 Nd7 17. Nc5 Nxc5 18. dxc5 Bd7 19. b4 Qe8 20. e4 dxe4 21. Bxe4
Bc6 22. Nd2 Bg5 23. Bxc6 Qxc6 24. Rd1 Bxd2 25. Rxd2 Rc8 26. Rd4 a5 27. Qd3 axb4
28. axb4 Qa4 29. h3 Qa1+ 30. Kh2 Qe1 31. Kg3 Qe5+ 32. f4 Qe1+ 33. Kh2 g6 34.
Re4 Qf2 35. Rd4 Kh7 36. Qe4 Re8 37. Rd7 Kg8 38. Qe5 Rf8 1-0

[Event "España tch - Primera División Grupo 1"]
[Site "Burguillos ESP"]
[Date "2008.08.13"]
[Round "1.104"]
[White "Ortiz Aviles, Javier"]
[Black "Jimenez Miñon, Jose Daniel"]
[Result "1/2-1/2"]
[WhiteElo "1885"]
[BlackElo "2083"]
[PlyCount "148"]
[EventDate "2008.08.13"]
[EventType "team"]
[EventCountry "ESP"]
[Source "lmi"]
[SourceDate "2008.08.13"]

1. c3 d5 2. d4 Nf6 3. Nf3 e6 4. Bg5 Be7 5. Nbd2 Nbd7 6. e3 O-O 7. Bd3 c5 8. O-O
Re8 9. Re1 c4 10. Bc2 b5 11. e4 dxe4 12. Nxe4 Bb7 13. Nxf6+ Bxf6 14. Bxf6 Qxf6
15. Ne5 Nxe5 16. Rxe5 a6 17. Qg4 Bd5 18. Rae1 Rf8 19. f4 Kh8 20. f5 Rad8 21.
Rf1 Qh6 22. fxe6 fxe6 23. Qg5 Rxf1+ 24. Kxf1 Qxg5 25. Rxg5 a5 26. Rh5 h6 27.
Re5 b4 28. Be4 Kg8 29. Bxd5 exd5 30. Re7 bxc3 31. bxc3 Rb8 32. a4 Rb1+ 33. Ke2
Rb2+ 34. Kf1 Ra2 35. Re5 Rxa4 36. Rxd5 Kf7 37. Rc5 Kf6 38. Kf2 Ra2+ 39. Kf3 a4
40. Rxc4 a3 41. Ra4 Ke6 42. Ra5 Ra1 43. Kg4 a2 44. Kh5 Kf6 45. h3 Kf7 46. Rf5+
Ke6 47. Re5+ Kf6 48. Re2 Rc1 49. Rxa2 Rxc3 50. Re2 Rd3 51. Re4 Ra3 52. Rf4+ Ke6
53. Kg6 Ra7 54. d5+ Kxd5 55. Rf7 Ra2 56. g4 Ra3 57. h4 Ra4 58. Kh5 g6+ 59. Kxg6
Rxg4+ 60. Kh5 Ra4 61. Re7 Kd6 62. Re2 Kd7 63. Rh2 Ra6 64. Re2 Rb6 65. Re5 Rb4
66. Ra5 Ke7 67. Ra6 Kf7 68. Rxh6 Rb5+ 69. Kg4 Rb4+ 70. Kg3 Rb3+ 71. Kf2 Kg7 72.
Rh5 Kg6 73. Rh8 Rh3 74. Rg8+ Kh5 1/2-1/2

[Event "España tch - Primera División Grupo 1"]
[Site "Burguillos ESP"]
[Date "2008.08.13"]
[Round "1.111"]
[White "Figuero Toro, Julian Francisco"]
[Black "Karim, Ismael"]
[Result "0-1"]
[WhiteElo "2234"]
[PlyCount "94"]
[EventDate "2008.08.13"]
[EventType "team"]
[EventCountry "ESP"]
[Source "lmi"]
[SourceDate "2008.08.13"]
[BlackElo "2398"]

1. e4 e5 2. Nf3 Nc6 3. Bb5 f5 4. d3 fxe4 5. dxe4 Nf6 6. O-O Bc5 7. Qe2 d6 8.
Nc3 Bg4 9. Na4 Nd7 10. Bxc6 bxc6 11. h3 Bh5 12. g4 Bg6 13. b4 Bb6 14. Bg5 Qc8
15. Nh4 Nf8 16. Nf5 Ne6 17. Be3 Bf7 18. Rad1 g6 19. Nh6 Qd8 20. Nc5 Qh4 21.
Nxf7 Kxf7 22. Nxe6 Kxe6 23. Bxb6 axb6 24. Qc4+ Kd7 25. Rd3 b5 26. Qc5 Qf6 27.
Rfd1 Ra6 28. a3 h5 29. f4 Re8 30. g5 Qxf4 31. Rxd6+ Kc8 32. R6d3 Qxg5+ 33. Kh1
Qf4 34. Re1 Qh4 35. Re2 Qg5 36. Re1 Rd8 37. Rxd8+ Qxd8 38. Re3 Kb7 39. c4 Qd1+
40. Kg2 Qc2+ 41. Kg3 h4+ 42. Kxh4 Qf2+ 43. Kg5 Qf4+ 44. Kxg6 Ra8 45. Kg7 Qg5+
46. Kf7 Qg8+ 47. Kf6 Re8 0-1

[Event "España tch - Primera División Grupo 1"]
[Site "Burguillos ESP"]
[Date "2008.08.13"]
[Round "1.112"]
[White "Cruz Ravina, Francisco Javier"]
[Black "Garcia Vidal, Francisco Jose"]
[Result "1-0"]
[WhiteElo "2337"]
[BlackElo "2026"]
[PlyCount "37"]
[EventDate "2008.08.13"]
[EventType "team"]
[EventCountry "ESP"]
[Source "lmi"]
[SourceDate "2008.08.13"]

1. e4 c6 2. d4 d5 3. exd5 cxd5 4. c4 Nf6 5. Nc3 e6 6. Nf3 Be7 7. Bd3 O-O 8. O-O
Nc6 9. a3 dxc4 10. Bxc4 a6 11. d5 exd5 12. Nxd5 Nxd5 13. Bxd5 Bf6 14. Qb3 Qc7
15. Be3 b5 16. Rac1 Bb7 17. Bg5 Qd6 18. Bxc6 Bxg5 19. Bxb7 1-0

[Event "España tch - Primera División Grupo 1"]
[Site "Burguillos ESP"]
[Date "2008.08.13"]
[Round "1.122"]
[White "Baena Canadas, Jesus"]
[Black "Urbina Perez, Juan Antonio"]
[Result "0-1"]
[WhiteElo "2074"]
[BlackElo "2223"]
[PlyCount "48"]
[EventDate "2008.08.13"]
[EventType "team"]
[EventCountry "ESP"]
[Source "lmi"]
[SourceDate "2008.08.13"]

1. e4 c5 2. Nf3 d6 3. d4 cxd4 4. Nxd4 Nf6 5. Nc3 a6 6. Be3 e5 7. Nb3 Be6 8. Qd2
Be7 9. f3 O-O 10. g4 d5 11. g5 d4 12. gxf6 Bxf6 13. Bf2 Bg5 14. Qd3 dxc3 15.
Qxc3 Nd7 16. Rd1 Rc8 17. Qd3 Qf6 18. Bg2 Rfd8 19. c3 Nc5 20. Qc2 Rxd1+ 21. Qxd1
Rd8 22. Qc2 Nd3+ 23. Kf1 Bc4 24. Kg1 Nxf2 0-1

[Event "España tch - Primera División Grupo 1"]
[Site "Burguillos ESP"]
[Date "2008.08.13"]
[Round "1.131"]
[White "Diaz Sanchez, Jose Francisco"]
[Black "Ruiz Sanchez, Andres"]
[Result "1/2-1/2"]
[WhiteElo "1947"]
[BlackElo "2212"]
[PlyCount "70"]
[EventDate "2008.08.13"]
[EventType "team"]
[EventCountry "ESP"]
[Source "lmi"]
[SourceDate "2008.08.13"]

1. e4 d5 2. exd5 Nf6 3. Nf3 Nxd5 4. d4 g6 5. c3 Bg7 6. Bc4 O-O 7. O-O Nc6 8. h3
Nb6 9. Bb3 e5 10. dxe5 Nxe5 11. Nxe5 Qxd1 12. Rxd1 Bxe5 13. Bh6 Re8 14. Nd2 Be6
15. Bxe6 Rxe6 16. Nf3 Bf6 17. Nd4 Re7 18. Bf4 Nd5 19. Bg3 c6 20. Re1 Bxd4 21.
cxd4 Rae8 22. Rxe7 Rxe7 23. Kf1 Re4 24. Re1 Rxe1+ 25. Kxe1 f5 26. Bd6 Kf7 27.
Kd2 Ke6 28. Bb8 a6 29. h4 Nb6 30. Bc7 Nd7 31. g3 Kd5 32. Kd3 Nf8 33. b3 Ne6 34.
Bb6 f4 35. g4 Nf8 1/2-1/2

[Event "España tch - Primera División Grupo 1"]
[Site "Burguillos ESP"]
[Date "2008.08.13"]
[Round "1.132"]
[White "Ruiz Sanchez, Miguel Angel"]
[Black "Fernandez Molina, Victor M."]
[Result "1-0"]
[WhiteElo "2181"]
[BlackElo "1880"]
[PlyCount "31"]
[EventDate "2008.08.13"]
[EventType "team"]
[EventCountry "ESP"]
[Source "lmi"]
[SourceDate "2008.08.13"]

1. d4 Nf6 2. Bf4 b6 3. e3 Bb7 4. Nf3 e6 5. Nbd2 Be7 6. Bd3 d6 7. Qe2 Nbd7 8.
Nc4 O-O 9. h4 Ne4 10. O-O-O a5 11. Ng5 d5 12. Ne5 Bd6 13. c3 Qe7 14. f3 Nef6
15. Qc2 h6 16. Bh7+ 1-0

[Event "España tch - Primera División Grupo 1"]
[Site "Burguillos ESP"]
[Date "2008.08.14"]
[Round "2.11"]
[White "Borisek, Jure"]
[Black "Escobar Dominguez, Daniel"]
[Result "1-0"]
[WhiteElo "2537"]
[BlackElo "2357"]
[PlyCount "85"]
[EventDate "2008.08.13"]
[EventType "team"]
[EventCountry "ESP"]
[Source "lmi"]
[SourceDate "2008.08.13"]

1. e4 c5 2. Nf3 e6 3. d4 cxd4 4. Nxd4 a6 5. Bd3 Bc5 6. Nb3 Be7 7. Qg4 g6 8. Qe2
Nc6 9. O-O Qc7 10. Kh1 d6 11. Na3 Bf6 12. Nc4 Nge7 13. Be3 b5 14. Nb6 Rb8 15.
Nxc8 Rxc8 16. c4 bxc4 17. Bxc4 a5 18. Bb5 O-O 19. Rac1 Qb8 20. a4 Qa8 21. f4
Bg7 22. Bb6 Bh6 23. Rcd1 d5 24. Nc5 Bg7 25. e5 Nf5 26. Nd7 Qb7 27. Nxf8 Qxb6
28. Nd7 Qa7 29. Bxc6 Rxc6 30. Nf6+ Bxf6 31. exf6 Nd6 32. Rc1 Qc7 33. Qd2 Ne4
34. Rxc6 Qxc6 35. Rc1 Qd7 36. Qc2 Nxf6 37. Qc8+ Kg7 38. Qxd7 Nxd7 39. b4 axb4
40. a5 d4 41. a6 d3 42. a7 Nb6 43. Rd1 1-0

[Event "España tch - Primera División Grupo 1"]
[Site "Burguillos ESP"]
[Date "2008.08.14"]
[Round "2.12"]
[White "Urbina Perez, Juan Antonio"]
[Black "Perez Garcia, Rodney"]
[Result "0-1"]
[WhiteElo "2223"]
[BlackElo "2432"]
[PlyCount "60"]
[EventDate "2008.08.13"]
[EventType "team"]
[EventCountry "ESP"]
[Source "lmi"]
[SourceDate "2008.08.13"]

1. e4 e5 2. Nf3 Nc6 3. Bb5 Bc5 4. O-O Nge7 5. c3 Bb6 6. d4 exd4 7. cxd4 d5 8.
exd5 Nxd5 9. Re1+ Be6 10. Ne5 Nde7 11. Be3 O-O 12. Bxc6 Nxc6 13. Nxc6 bxc6 14.
Nc3 Qf6 15. Qa4 Bd5 16. Nxd5 cxd5 17. Rac1 Rae8 18. h3 Re6 19. Kf1 h6 20. Qb4
Rfe8 21. Qd2 c6 22. f3 Bc7 23. Bf2 Bf4 24. Rxe6 Rxe6 25. Qc2 Bxc1 26. Qxc1 Qe7
27. Qc2 Qb7 28. Kg1 Qb5 29. a3 Qc4 30. Qd2 Re2 0-1

[Event "España tch - Primera División Grupo 1"]
[Site "Burguillos ESP"]
[Date "2008.08.14"]
[Round "2.13"]
[White "Gonzalez Menendez, Ivan"]
[Black "Oñate Mendez, Elias"]
[Result "1/2-1/2"]
[WhiteElo "2406"]
[BlackElo "2223"]
[PlyCount "159"]
[EventDate "2008.08.13"]
[EventType "team"]
[EventCountry "ESP"]
[Source "lmi"]
[SourceDate "2008.08.13"]

1. e4 c5 2. Nf3 d6 3. d4 cxd4 4. Nxd4 Nf6 5. Nc3 a6 6. Be2 e6 7. O-O Be7 8. f4
Nc6 9. Be3 O-O 10. Qe1 Bd7 11. Qg3 Nxd4 12. Bxd4 Bc6 13. Kh1 g6 14. Bd3 b5 15.
a3 a5 16. Bxf6 Bxf6 17. Bxb5 Bxc3 18. Bxc6 Bxb2 19. Rab1 Rb8 20. f5 Be5 21.
Rxb8 Qxb8 22. Qf3 Qc8 23. Ba4 exf5 24. exf5 Qxf5 25. Qxf5 gxf5 26. Rxf5 Rb8 27.
Bb3 Rb7 28. g3 Kg7 29. Kg2 Rc7 30. Rf3 Ra7 31. a4 Rc7 32. Rd3 Rc5 33. Rf3 Rc7
34. Kf2 Kg6 35. Ke2 f6 36. Kd2 Rb7 37. Rd3 h5 38. Rd5 Rc7 39. Rb5 Bc3+ 40. Kd3
Bb4 41. Rb8 Rc3+ 42. Ke4 Rc5 43. Rb7 Re5+ 44. Kd3 Rc5 45. Bc4 Kg5 46. Rg7+ Kf5
47. Bb5 d5 48. Kd4 Ke6 49. c4 dxc4 50. Bxc4+ Kd6 51. Rh7 Rg5 52. Be2 Rd5+ 53.
Ke4 Re5+ 54. Kf3 Bc5 55. Bb5 Rf5+ 56. Ke4 Rg5 57. Kf4 Bg1 58. Rf7 Bd4 59. Be2
Be5+ 60. Ke4 h4 61. gxh4 Rg2 62. Bb5 Rxh2 63. Rh7 Rh1 64. h5 Rh4+ 65. Kf5 Rf4+
66. Kg6 Rg4+ 67. Kf7 f5 68. Rh6+ Kd5 69. Ra6 Bc3 70. h6 Rh4 71. Kg6 Bd2 72. h7
Rh6+ 73. Kg7 Rxa6 74. Bxa6 f4 75. h8=Q Bc3+ 76. Kg8 Bxh8 77. Kxh8 Kc5 78. Kg7
Kb4 79. Bb5 f3 80. Kf6 1/2-1/2